[Event "Challenge"]
[Site "http://www.queenalice.com/game.php?id=1856041"]
[Date "2025.4.22"]
[Round "-"]
[White "Erlofabr"]
[Black "Mr_SPOCK"]
[Result "1-0"]
[WhiteElo "1596"]
[BlackElo "1722"]

1. d4 d5 2. c4 Nf6 3. Nc3 dxc4 4. e4 e5 5. d5 Bb4 6. Qa4+ Nc6 7. dxc6 b6 8. Qxb4
b5 9. Bg5 a5 10. Qxb5 O-O 11. Qxe5 Be6 12. Qg3 Qe8 13. e5 Nh5 14. Qh4 g6 15. h3
Bf5 16. Be7 f6 17. Bxf8 Qxe5+ 18. Be2 Rxf8 19. Nf3 Qd6 20. Qxc4+ Kg7 21. Rd1 Qe7
22. g4 Bc8 23. Nd5 Qe6 24. gxh5 gxh5 25. Nh4 Re8 26. Rd2 a4 27. O-O Rg8 28. Bxh5
Kh8+ 29. Bg4 f5 30. Re2 Qh6 31. Nxf5 Qxh3 32. Re8 Bxf5 33. Rxg8+ Kxg8 34. Ne3+
Kf8 35. Qc5+ Kf7 36. Qxf5+ Kg7 37. Bxh3 a3 38. Qe5+ Kf7 39. Be6+ Kf8 40. Qf6+
Ke8 41. Bd7# 1-0

[Event "AUTO-INT-3934"]
[Site "http://www.queenalice.com/game.php?id=1857883"]
[Date "2025.5.25"]
[Round "1"]
[White "Ditto"]
[Black "Erlofabr"]
[Result "1-0"]
[WhiteElo "1714"]
[BlackElo "1578"]

1. e4 e5 2. Nf3 f5 3. Nxe5 d6 4. Qh5+ g6 5. Nxg6 Nf6 6. Qh4 Bg7 7. Nxh8 Bxh8 8.
Bc4 Qe7 9. d3 d5 10. Bb3 dxe4 11. dxe4 1-0

[Event "AUTO-INT-3934"]
[Site "http://www.queenalice.com/game.php?id=1857895"]
[Date "2025.5.25"]
[Round "1"]
[White "brumbaz"]
[Black "Erlofabr"]
[Result "1-0"]
[WhiteElo "1655"]
[BlackElo "1577"]

1. e4 e5 2. Nf3 f5 3. Nc3 c6 4. Nxe5 b5 5. exf5 d6 6. Qh5+ g6 7. fxg6 Nf6 8. Qh4
Bg7 9. Nf7 Qe7+ 10. Be2 hxg6 11. Nxh8 Bf5 12. O-O b4 13. Qxb4 c5 14. Qb5+ Nfd7
15. Bf3 a6 16. Qa5 Ra7 17. d3 Bxh8 18. Bh6 Nc6 19. Bxc6 Be5 20. Nd5 Qh7 21. Bf4
g5 22. Bxe5 dxe5 23. Nf6+ Kf7 24. Nxh7 Bxh7 25. f4 exf4 26. Bd5+ Kg7 27. Qc3+
Nf6 28. Qxc5 Rd7 29. Be6 Rb7 30. Qxg5+ Bg6 31. Rxf4 Rb5 32. Qxf6+ Kh6 33. Rh4+
Rh5 34. Bf7 1-0

[Event "AUTO-INT-3934"]
[Site "http://www.queenalice.com/game.php?id=1857896"]
[Date "2025.5.25"]
[Round "1"]
[White "Erlofabr"]
[Black "brumbaz"]
[Result "0-1"]
[WhiteElo "1564"]
[BlackElo "1668"]

1. f4 d5 2. e3 Nf6 3. h3 e6 4. d4 Bd6 5. c4 Ne4 6. c5 Be7 7. Qa4+ Bd7 8. Bb5 Nc6
9. Nf3 O-O 10. O-O a6 11. Bd3 Ne5 12. Qb3 b5 13. Nxe5 c6 14. Qd1 Bh4 15. Qg4 Be8
16. f5 Ng3 17. Nf3 Nxf1 18. Nxh4 Qa5 19. f6 g6 20. Kxf1 Qc7 21. e4 Bd7 22. exd5
exd5 23. Bf5 Bxf5 24. Nxf5 h5 25. Nh6+ Kh7 26. Nf5 hxg4 27. Bh6 gxf5 28. Bg7
Rfe8 29. Nc3 Qh2 30. Ne2 Qh1+ 31. Ng1 gxh3 32. gxh3 Qe4 33. Kf2 Qxd4+ 34. Kf1
Qxb2 35. Rd1 Qxa2 36. Nf3 Qe2+ 0-1

[Event "Challenge"]
[Site "http://www.queenalice.com/game.php?id=1858092"]
[Date "2025.5.31"]
[Round "-"]
[White "Mr_SPOCK"]
[Black "Erlofabr"]
[Result "1-0"]
[WhiteElo "1642"]
[BlackElo "1603"]

1. e4 e5 2. Qh5 Nf6 3. Qxe5+ Be7 4. Nc3 d6 5. Qf4 Nc6 6. Bb5 Nh5 7. Qe3 O-O 8.
Bc4 Ne5 9. d4 Nxc4 10. Qd3 Be6 11. d5 Ne5 12. Qd4 c5 13. dxc6 Nxc6 14. Qd1 d5
15. exd5 Bxd5 16. Nxd5 1-0

[Event "AUTO-INT-3920"]
[Site "http://www.queenalice.com/game.php?id=1860704"]
[Date "2025.7.28"]
[Round "2"]
[White "Erlofabr"]
[Black "johnew"]
[Result "0-1"]
[WhiteElo "1552"]
[BlackElo "2128"]

1. d4 Nf6 2. c4 e6 3. Nc3 Bb4 4. Bd2 O-O 5. e4 Bxc3 6. Bxc3 Nxe4 7. d5 exd5 8.
cxd5 Nxc3 9. Qc2 Nxd5 10. O-O-O Nb6 11. Qe4 d5 12. Qe5 Nc6 13. Qg3 Bf5 14. Bd3
Bxd3 15. Qxd3 Qg5+ 16. Kb1 Qxg2 17. Ne2 Qe4 18. Ng3 Qxd3+ 19. Rxd3 f5 20. Rg1 f4
21. Nh5 g6 22. Rh3 Kh8 23. Rg4 gxh5 24. Rxh5 Rae8 25. Rgh4 Rf7 26. a3 Re5 27.
Rxe5 Nxe5 28. Rh5 Ng6 29. Rh6 d4 30. h4 d3 31. Kc1 Rd7 32. Kd2 Nc4+ 33. Kc1 d2+
34. Kd1 Nxb2+ 35. Kc2 d1=Q+ 36. Kxb2 Rd2+ 37. Kc3 Qc2+ 38. Kb4 Rd4+ 39. Kb5 Qa4+
0-1

[Event "AUTO-INT-3920"]
[Site "http://www.queenalice.com/game.php?id=1860705"]
[Date "2025.7.28"]
[Round "2"]
[White "johnew"]
[Black "Erlofabr"]
[Result "1-0"]
[WhiteElo "2137"]
[BlackElo "1579"]

1. e4 e5 2. Nf3 f5 3. Nc3 Nf6 4. d3 Bb4 5. Bg5 O-O 6. Be2 Nc6 7. O-O fxe4 8.
dxe4 h6 9. Bh4 g5 10. Bg3 d5 11. Nxd5 g4 12. Nxe5 Nxe4 13. Nxc6 bxc6 14. Nxb4
Nxg3 15. fxg3 Bd7 16. Rxf8+ Qxf8 17. Qxd7 Qc5+ 18. Kh1 Qxb4 19. Qxg4+ Qxg4 20.
Bxg4 c5 21. b3 Re8 22. h4 Re5 23. Rd1 Re3 24. Rd3 Re1+ 25. Kh2 Rc1 26. Rc3 Kg7
27. Rxc5 a5 28. Rxc7+ Kg6 29. Bf3 Ra1 30. a4 Rf1 31. c4 Rb1 32. Be4+ 1-0